novels by famous quote - Statistics

General Stats
  • This quiz has been taken 45 times
  • The average score is 2 of 15
Answer Stats
quote novel % Correct
Stay gold, Ponyboy, stay gold. The Outsiders
51%
Whatever our souls are made of, his and mine are the same. Wuthering Heights
40%
So it goes… Slaughterhouse-five
37%
You never really understand a person until you consider things from his point of view […], until you climb inside of his skin and walk around in it To Kill a Mockingbird
29%
Beware; for I am fearless, and therefore powerful. Frankenstein
23%
Nowadays people know the price of everything and the value of nothing. The Picture of Dorian Grey
20%
Tomorrow is a new day with no mistakes in it … yet. Anne of Green Gables
11%
I am not afraid of storms, for I am learning how to sail my ship. Little Women
11%
All human wisdom is summed up in these two words – ‘Wait and hope.’ The Count of Monte Cristo
11%
Anything worth dying for is certainly worth living for. Catch-22
9%
Perhaps to lose a sense of where you are implies the danger of losing a sense of who you are. Invisible Man
3%
He thought her beautiful, believed her impeccably wise; dreamed of her, wrote poems to her, which, ignoring the subject, she corrected in red ink. Mrs. Dalloway
3%
Definitions belong to the definers, not the defined. Beloved
0%
It is nothing to die; it is dreadful not to live. Les Misérables
0%
Each time you happen to me all over again. The Age of Innocence
0%
No matching quizzes found
Score Distribution
Percent of People with Each Score
Percentile by Number Answered
Your Score History
You have not taken this quiz